|
|
|
|
| LEADER |
00000nam0a2200000 4500 |
| 001 |
209955 |
| 005 |
20231101225559.0 |
| 035 |
|
|
|a (RuTPU)RU\TPU\book\229314
|
| 035 |
|
|
|a RU\TPU\book\229311
|
| 090 |
|
|
|a 209955
|
| 100 |
|
|
|a 20120217d1961 k y0rusy50 ca
|
| 101 |
0 |
|
|a rus
|
| 102 |
|
|
|a RU
|
| 105 |
|
|
|a a a 001zy
|
| 200 |
1 |
|
|a Геолого-геоморфологические методы выявления локальных структур (Центральная часть Западно-Сибирской низменности)
|f Л. К. Зятькова
|g Академия наук СССР (АН СССР), Сибирское отделение (СО), Институт геологии и геофизики (ИГиГ) ; под ред. В. А. Николаева
|
| 210 |
|
|
|a Новосибирск
|c Изд-во СО АН СССР
|d 1961
|
| 215 |
|
|
|a 78 с.
|c ил., карты
|
| 225 |
1 |
|
|a Труды института геологии и геофизики
|v Вып. 14
|
| 320 |
|
|
|a Библиогр. в конце статей
|
| 606 |
1 |
|
|a Геология
|y Западная Сибирь
|2 stltpush
|3 (RuTPU)RU\TPU\subj\70290
|9 84644
|
| 606 |
1 |
|
|a Геоморфология
|2 stltpush
|3 (RuTPU)RU\TPU\subj\6207
|9 34142
|
| 610 |
1 |
|
|a геофизика
|
| 610 |
1 |
|
|a тектоника
|
| 610 |
1 |
|
|a геоморфологические исследования
|
| 610 |
1 |
|
|a Западно-Сибирская низменность
|
| 675 |
|
|
|a 55(571.1)
|v 3
|
| 675 |
|
|
|a 551.4
|v 3
|
| 700 |
|
1 |
|a Зятькова
|b Л. К.
|g Луиза Константиновна
|
| 702 |
|
1 |
|a Николаев
|b В. А.
|c российский геолог
|c зав. лаб. геоморфологии и неотектоники ИГиГ СО АН СССР (1958-1988)
|f 1911-?
|g Владимир Александрович
|2 stltpush
|3 (RuTPU)RU\TPU\pers\26694
|4 340
|9 12352
|
| 712 |
0 |
2 |
|a Академия наук СССР (АН СССР)
|b Сибирское отделение (СО)
|b Институт геологии и геофизики (ИГиГ)
|c (Новосибирск)
|2 stltpush
|3 (RuTPU)RU\TPU\col\128
|
| 801 |
|
1 |
|a RU
|b 63413507
|c 20120216
|
| 801 |
|
2 |
|a RU
|b 63413507
|c 20211111
|g RCR
|
| 942 |
|
|
|c BK
|